000 00685nam a2200241Ia 4500
003 OSt
005 20220925230623.0
006 a|||||r|||| 00| 0
007 ta
008 220923b |||||||| |||| 00| 0 eng d
037 _cGeneral Book
040 _aRTL
_cRTL
_beng
041 _2eng
_aeng
082 _aXB, L1
100 _aReynolds Lloyd G
_9122968
245 0 _aThree worlds of economics
260 _aLondon
_bYale University Press U K
_c1971
300 _axiii,844p. Bib p. 331-37
_ccm.
490 _aStudies In Comparative Economics. 12
650 _aWar Economics
_9233725
942 _hXB, L1
_cGB
_2CC
999 _c586142
_d586142